[Event "Rewal 2011 - Open A"]
[Site "Rewal"]
[Date "2011.08.26"]
[Round "7.11"]
[White "Dowgird, Filip"]
[Black "Krupa, Monika"]
[Result "1/2-1/2"]
[WhiteElo "2110"]
[BlackElo "2226"]
[EventDate "2011.??.??"]
[PlyCount "112"]

1.Nf3 Nf6 2.g3 d5 3.Bg2 c5 4.O-O Nc6 5.d3 e6 6.Nbd2 b6 7.c3 Qc7 8.a3 Be7 
9.b4 O-O 10.Bb2 Bb7 11.Re1 e5 12.e4 d4 13.cxd4 cxd4 14.Rc1 b5 15.Nb3 Nd7 
16.Bh3 Rfd8 17.Na5 Bf6 18.Qb3 Rac8 19.Re2 Qb6 20.Nxb7 Qxb7 21.Rec2 Ne7 22.
Bg4 g6 23.h4 h5 24.Bh3 Rxc2 25.Rxc2 Rc8 26.Bc1 Rxc2 27.Qxc2 Nb6 28.Qb3 Nc6
29.Bd2 Nd8 30.Ng5 Qc7 31.Kg2 Kg7 32.f4 Na4 33.Nf3 Nc3 34.f5 Qc6 35.Qc2 Nb7
36.Qc1 Nd6 37.fxg6 fxg6 38.Bh6+ Kh7 39.Bg5 Nf7 40.Bd2 Kg7 41.g4 hxg4 42.
Bxg4 Bd8 43.h5 Qf6 44.Bxc3 dxc3 45.Qxc3 Qf4 46.Qc8 Ng5 47.hxg6 Kxg6 48.
Nh4+ Kh7 49.Bf5+ Kg7 50.Qd7+ Nf7 51.Nf3 Bh4 52.Nxh4 Qxh4 53.Qxb5 Qg5+ 54.
Kf3 Qd2 55.Qd7 Qd1+ 56.Ke3 Qe1+ 1/2-1/2

[Event "Rewal 2011 - Open A"]
[Site "Rewal"]
[Date "2011.08.26"]
[Round "7.12"]
[White "Mitura, Vaclav"]
[Black "Popova, Natalija"]
[Result "0-1"]
[WhiteElo "2150"]
[BlackElo "2317"]
[EventDate "2011.??.??"]
[PlyCount "67"]

1.d4 Nf6 2.c4 g6 3.Nc3 d5 4.Bg5 Ne4 5.Bh4 Nxc3 6.bxc3 dxc4 7.e3 Be6 8.Rb1 
c5 9.Nf3 Qa5 10.Qd2 Nd7 11.Be2 Bd5 12.O-O Bg7 13.dxc5 e6 14.Nd4 Qxc5 15.
Rb5 Qc8 16.Rb4 O-O 17.e4 Bxe4 18.Rxc4 Bc6 19.Nxc6 bxc6 20.Qd6 Ne5 21.Rc5 
Qb8 22.Qxb8 Raxb8 23.Bg3 Rb2 24.Re1 Rd8 25.h3 Nd3 26.Bxd3 Rxd3 27.Rxc6 
Rxc3 28.Rc1 Rxc1+ 29.Rxc1 Bf6 30.a3 Ra2 31.Bf4 Rxa3 32.Rc8+ Kg7 33.Bd6 
Ra1+ 34.Kh2 0-1

[Event "Rewal 2011 - Open A"]
[Site "Rewal"]
[Date "2011.08.26"]
[Round "7.13"]
[White "Kubica, Kamil"]
[Black "Jaroch, Pawel"]
[Result "0-1"]
[WhiteElo "1941"]
[BlackElo "2250"]
[EventDate "2011.??.??"]
[PlyCount "64"]

1.d4 Nf6 2.c4 c5 3.d5 b5 4.cxb5 a6 5.f3 d6 6.e4 g6 7.Bd2 Bg7 8.Bc3 O-O 9.
bxa6 Bxa6 10.Bxa6 Nxa6 11.Ne2 Qb6 12.O-O Nc7 13.Na3 Nb5 14.Nxb5 Qxb5 15.
Qc2 Rfb8 16.Rfb1 Nd7 17.Bxg7 Kxg7 18.Nc3 Qb4 19.b3 c4 20.Ne2 Qc5+ 21.Kf1 
cxb3 22.Qb2+ Kg8 23.axb3 Rxa1 24.Rxa1 Qe3 25.Qd4 Qxb3 26.Ra7 Ne5 27.Rc7 
Nd3 28.Nc3 Qc2 29.g4 Qc1+ 30.Kg2 Rb2+ 31.Kh3 Qf1+ 32.Kg3 Qg2+ 0-1

[Event "Rewal 2011 - Open A"]
[Site "Rewal"]
[Date "2011.08.26"]
[Round "7.14"]
[White "Szymanski, Andrzej"]
[Black "Gajek, Radoslaw"]
[Result "1/2-1/2"]
[WhiteElo "2214"]
[BlackElo "2054"]
[PlyCount "148"]
[EventDate "2011.??.??"]

1. d4 Nf6 2. c4 e6 3. Nc3 Bb4 4. e3 d5 5. Nf3 O-O 6. Bd3 c5 7. O-O dxc4 8. Bxc4
cxd4 9. exd4 b6 10. Qe2 Bb7 11. Rd1 Bxc3 12. bxc3 Qc7 13. Ne5 Nbd7 14. Nxd7
Qxd7 15. Bd3 Qc6 16. f3 Qxc3 17. Bb2 Qb4 18. Rab1 Bd5 19. Qe3 Kh8 20. Be4 Rfc8
21. Ba3 Rc3 22. Bxb4 Rxe3 23. Bd3 Bxa2 24. Rb2 Nd5 25. Be1 Nf4 26. Bf1 Bd5 27.
Bd2 Re2 28. Bxe2 Nxe2+ 29. Kf2 Nxd4 30. Bf4 Nc6 31. Rc1 Kg8 32. Rbc2 Rc8 33.
Bd6 f6 34. f4 b5 35. Rc5 Bc4 36. Ra1 h6 37. g4 Kh7 38. f5 a5 39. Rxa5 Nxa5 40.
Rxc8 h5 41. fxe6 Bxe6 42. Rc7 hxg4 43. Bf8 Kg6 44. Rxg7+ Kf5 45. Kg3 Ke5 46.
Rc7 Nb3 47. Bb4 f5 48. Bc3+ Ke4 49. Re7 f4+ 50. Kh4 Kf5 51. Rg7 f3 52. Rg5+ Kf4
53. Be1 Bf5 54. Bg3+ Ke4 55. Rg7 Nc5 56. Re7+ Ne6 57. Rb7 Nd4 58. Bf2 Kd3 59.
Kg5 Bc8 60. Rb8 Bd7 61. Kf4 Ne2+ 62. Kg5 Kc4 63. Rd8 Be6 64. Rd6 Bd5 65. Kxg4
b4 66. Rb6 b3 67. Be1 Nc1 68. Rb4+ Kd3 69. h4 Ke2 70. Bg3 f2 71. Bxf2 Kxf2 72.
h5 Nd3 73. Rb6 Be4 74. Rxb3 Bf3+ 1/2-1/2

[Event "Rewal 2011 - Open A"]
[Site "Rewal"]
[Date "2011.08.26"]
[Round "7.15"]
[White "Janus, Przemyslaw"]
[Black "Sabuk, Piotr"]
[Result "1-0"]
[WhiteElo "2134"]
[BlackElo "2199"]
[EventDate "2011.??.??"]
[PlyCount "139"]

1.d4 d5 2.c4 e6 3.Nc3 Be7 4.Nf3 Nf6 5.Bg5 h6 6.Bh4 O-O 7.e3 Ne4 8.Bxe7 
Qxe7 9.Bd3 Nxc3 10.bxc3 dxc4 11.Bxc4 b6 12.O-O Bb7 13.Ne5 c5 14.Qe2 Nc6 
15.f4 Rac8 16.Bb3 Rfd8 17.Rac1 cxd4 18.cxd4 Nxe5 19.fxe5 Rxc1 20.Rxc1 Rc8 
21.Rxc8+ Bxc8 22.Qb5 Bb7 23.Bc2 Kf8 24.Ba4 g6 25.Bb3 Qa3 26.Qc4 Qb2 27.Qc2
Qa1+ 28.Kf2 Qh1 29.Kg3 h5 30.Qf2 Kg8 31.Bc2 b5 32.Bd3 b4 33.Bf1 Be4 34.h3 
Bf5 35.Kh4 Qh2 36.Qf3 Qg1 37.Kg5 Kg7 38.Bb5 Qc1 39.Be8 Qc8 40.g4 Qd8+ 41.
Kf4 Qh4 42.e4 hxg4 43.hxg4 Qh2+ 44.Ke3 Qg1+ 45.Kf4 Qc1+ 46.Kg3 Qe1+ 47.Kf4
Qd2+ 48.Kg3 Qe1+ 49.Kf4 g5+ 50.Kxg5 Qd2+ 51.Qf4 Qxf4+ 52.Kxf4 Bg6 53.Ba4 
Kf8 54.Bb3 a5 55.g5 Ke7 56.d5 exd5 57.exd5 Bb1 58.d6+ Ke8 59.Ke3 Kf8 60.
Kd2 a4 61.Bxa4 Bxa2 62.Kc2 Bc4 63.Bb3 Bb5 64.Kd2 Kg7 65.Ke3 Bd7 66.Kd4 Kg6
67.Kc5 Be8 68.Kxb4 Kxg5 69.Ba4 Bxa4 70.Kxa4 1-0

[Event "Rewal 2011 - Open A"]
[Site "Rewal"]
[Date "2011.08.26"]
[Round "7.16"]
[White "Turlej, Lukasz"]
[Black "Cukrowski, Filip"]
[Result "0-1"]
[WhiteElo "2158"]
[BlackElo "2113"]
[EventDate "2011.??.??"]
[PlyCount "76"]

1.d4 Nf6 2.c4 g6 3.Nc3 Bg7 4.e4 d6 5.f3 O-O 6.Be3 Nbd7 7.Nh3 c5 8.d5 Ne5 
9.Nf2 Qa5 10.Be2 a6 11.f4 Ned7 12.a4 Ne8 13.Ra3 f5 14.exf5 gxf5 15.O-O 
Ndf6 16.Rb3 Qc7 17.Bf3 Rb8 18.h3 e5 19.dxe6 Bxe6 20.Nd5 Qf7 21.g4 Nxd5 22.
cxd5 Bd7 23.Rb6 Bf6 24.Qb3 Bd8 25.Rxa6 b5 26.axb5 Bxb5 27.Rfa1 Rb7 28.Ra7 
Rxa7 29.Rxa7 Qxa7 30.Qxb5 Ng7 31.Kg2 Bf6 32.Nd3 Rb8 33.Qc6 Qe7 34.Bc1 Bd4 
35.g5 Be3 36.Bxe3 Qxe3 37.Qxd6 Rb3 38.Ne5 Rxb2+ 0-1

[Event "Rewal 2011 - Open A"]
[Site "Rewal"]
[Date "2011.08.26"]
[Round "7.17"]
[White "Motyl, Tomasz"]
[Black "Musialkiewicz, Jan"]
[Result "1/2-1/2"]
[WhiteElo "2027"]
[BlackElo "2150"]
[EventDate "2011.??.??"]
[PlyCount "53"]

1.g3 c5 2.Bg2 Nc6 3.e4 g6 4.Nc3 Bg7 5.d3 d6 6.f4 e6 7.Be3 Nge7 8.Nf3 Nd4 
9.e5 Nef5 10.Bf2 Nxf3+ 11.Bxf3 dxe5 12.fxe5 Bxe5 13.Bxc5 Bd4 14.Bxd4 Nxd4 
15.O-O Qb6 16.Kh1 Qxb2 17.Ne4 O-O 18.Nf6+ Kg7 19.Rb1 Qc3 20.Qc1 Nxf3 21.
Rxf3 b6 22.Rb3 Qd4 23.c3 Qd6 24.Qg5 Bb7 25.Nh5+ Kg8 26.Nf6+ Kg7 27.Nh5+ 
1/2-1/2

[Event "Rewal 2011 - Open A"]
[Site "Rewal"]
[Date "2011.08.26"]
[Round "7.18"]
[White "Koitka, Jakub"]
[Black "Guzik, Jolanta"]
[Result "0-1"]
[WhiteElo "1917"]
[BlackElo "2150"]
[EventDate "2011.??.??"]
[PlyCount "60"]

1.e4 e5 2.Nf3 Nc6 3.Bb5 Nge7 4.c3 g6 5.O-O Bg7 6.d4 exd4 7.cxd4 d5 8.exd5 
Nxd5 9.Re1+ Be6 10.Bg5 Qd6 11.Nbd2 O-O 12.Ne4 Qb4 13.Bxc6 bxc6 14.Qc1 Qb6 
15.Bh6 Rfe8 16.Bxg7 Kxg7 17.Nc5 Bf5 18.Qd2 Rad8 19.Rxe8 Rxe8 20.Re1 Rd8 
21.Ne5 Nb4 22.Qf4 Nd5 23.Qd2 Nb4 24.Qf4 Nc2 25.Nc4 Qb4 26.Qe5+ Kg8 27.Rc1 
Qxc4 28.Ne4 Qxd4 29.Nf6+ Kh8 30.Qxd4 Nxd4 0-1

[Event "Rewal 2011 - Open A"]
[Site "Rewal"]
[Date "2011.08.26"]
[Round "7.19"]
[White "Maljush, Andrej"]
[Black "Szusterowski, Radoslaw"]
[Result "1-0"]
[WhiteElo "2316"]
[BlackElo "2122"]
[PlyCount "139"]
[EventDate "2011.??.??"]

1. e4 e6 2. Qe2 c5 3. f4 Nc6 4. c3 d5 5. d3 Nf6 6. e5 Nd7 7. Nf3 Be7 8. g3 Qc7
9. Bh3 g5 10. fxg5 Ndxe5 11. O-O Ng6 12. c4 d4 13. Na3 Bd7 14. Nc2 O-O-O 15.
Bd2 e5 16. Bxd7+ Qxd7 17. a3 Rde8 18. Qe4 h6 19. b4 hxg5 20. Nxg5 Bxg5 21. Bxg5
Qh3 22. Rf2 Rh5 23. Bd2 f5 24. Qd5 e4 25. Qf7 Re7 26. Qxg6 e3 27. Bxe3 dxe3 28.
Rg2 Ne5 29. Qg8+ Kc7 30. Nxe3 Nf3+ 31. Kf2 Rh8 32. Qd5 Rxe3 33. Qxc5+ Kb8 34.
Qxe3 Nxh2 35. Qf4+ Ka8 36. Rh1 Ng4+ 37. Qxg4 Qxh1 38. Qe2 Qa1 39. Kf3 Qxa3 40.
Rf2 Qxb4 41. Kg2 Qc5 42. Qf3 Rf8 43. Rb2 Qc7 44. Rb5 f4 45. Rg5 a6 46. Rg4 a5
47. Rxf4 Rxf4 48. gxf4 a4 49. f5 a3 50. d4 Qg7+ 51. Kf1 Qxd4 52. Qxa3+ Kb8 53.
Qf8+ Ka7 54. Qf7 Qf4+ 55. Ke2 Qe4+ 56. Kd2 Qd4+ 57. Kc2 Qe4+ 58. Kb3 Qd3+ 59.
Kb4 Qd6+ 60. Kc3 Qe5+ 61. Kd3 Qg3+ 62. Ke4 Qg4+ 63. Ke5 Qg3+ 64. Ke6 Qe3+ 65.
Kd7 Qd4+ 66. Qd5 Qg7+ 67. Ke6 Qg8+ 68. Ke5 Qg3+ 69. Kf6 Qf4 70. Qa5+ 1-0

[Event "Rewal 2011 - Open A"]
[Site "Rewal"]
[Date "2011.08.26"]
[Round "7.20"]
[White "Reza, Wojciech"]
[Black "Wandzik, Wojciech"]
[Result "1-0"]
[WhiteElo "2026"]
[BlackElo "2239"]
[EventDate "2011.??.??"]
[PlyCount "95"]

1.e4 c5 2.Nf3 e6 3.b3 d5 4.exd5 exd5 5.Bb2 Nf6 6.d4 Nc6 7.Bd3 Bg4 8.dxc5 
Bxc5 9.Qe2+ Be7 10.h3 Bh5 11.g4 Bg6 12.Bxf6 Bxd3 13.cxd3 gxf6 14.Nbd2 Qc7 
15.d4 O-O-O 16.Qd3 Kb8 17.Kf1 h5 18.Rg1 hxg4 19.hxg4 Nb4 20.Qf5 Qc6 21.Kg2
Qa6 22.a3 Nd3 23.Ne1 Rh2+ 24.Kxh2 Bd6+ 25.Rg3 Rh8+ 26.Kg1 Nf4 27.Re3 Ne2+ 
28.Rxe2 Qxe2 29.Nef3 Bg3 30.Rf1 Bh2+ 31.Kg2 Bc7 32.Qxf6 Rg8 33.g5 Qe8 34.
Re1 Qc8 35.Qxf7 Rh8 36.Qe6 Qf8 37.Qf6 Qc8 38.Qe6 Qf8 39.Rh1 Rg8 40.Rh7 Rh8
41.Rxh8 Qxh8 42.Qxd5 a6 43.Qf5 Qh5 44.Ne4 a5 45.d5 a4 46.bxa4 Bb6 47.d6 
Ka7 48.d7 1-0

[Event "Rewal 2011 - Open A"]
[Site "Rewal"]
[Date "2011.08.26"]
[Round "7.22"]
[White "Kubit, Tomasz"]
[Black "Szczukiewicz, Andrzej"]
[Result "1/2-1/2"]
[WhiteElo "2178"]
[BlackElo "2070"]
[EventDate "2011.??.??"]
[PlyCount "43"]

1.e4 c5 2.Nf3 Nc6 3.d4 cxd4 4.Nxd4 Nf6 5.Nc3 e5 6.Ndb5 d6 7.Nd5 Nxd5 8.
exd5 Ne7 9.c4 Nf5 10.Bd3 Be7 11.O-O g6 12.a4 O-O 13.a5 a6 14.Nc3 Ng7 15.
Bd2 f5 16.f3 Nh5 17.Na4 Bg5 18.Nb6 Rb8 19.Rc1 Bf4 20.Bxf4 Nxf4 21.Kh1 Bd7 
22.b4 1/2-1/2

[Event "Rewal 2011 - Open A"]
[Site "Rewal"]
[Date "2011.08.26"]
[Round "7.23"]
[White "Palosz, Andrzej"]
[Black "Kasperek, Joanna"]
[Result "1/2-1/2"]
[WhiteElo "2167"]
[BlackElo "2025"]
[EventDate "2011.??.??"]
[PlyCount "53"]

1.e4 c5 2.Nc3 Nc6 3.g3 g6 4.Bg2 Bg7 5.d3 d6 6.Nh3 e6 7.Be3 Rb8 8.Qd2 Bd7 
9.O-O b5 10.f4 Nge7 11.Rae1 O-O 12.f5 exf5 13.Bh6 b4 14.Bxg7 Kxg7 15.exf5 
Bxf5 16.Ne4 Ne5 17.Nf4 Bxe4 18.Rxe4 N7c6 19.c3 bxc3 20.bxc3 Qd7 21.d4 Nc4 
22.Nh5+ Kh8 23.Qh6 gxh5 24.Qf6+ Kg8 25.Qg5+ Kh8 26.Qf6+ Kg8 27.Qg5+ 
1/2-1/2

[Event "Rewal 2011 - Open A"]
[Site "Rewal"]
[Date "2011.08.26"]
[Round "7.25"]
[White "Brzezinski, Mateusz"]
[Black "Kielar, Maciej"]
[Result "1-0"]
[WhiteElo "2042"]
[BlackElo "2138"]
[PlyCount "137"]
[EventDate "2011.??.??"]

1. c4 g6 2. Nc3 Bg7 3. g3 d6 4. Bg2 c5 5. e3 Nc6 6. Nge2 Nf6 7. O-O O-O 8. a3
e6 9. d4 Qe7 10. Rb1 a5 11. Nf4 Rd8 12. d5 Ne5 13. b3 Ra6 14. Bb2 Bd7 15. dxe6
fxe6 16. Bxb7 Rb6 17. Bg2 Rdb8 18. Ba1 a4 19. bxa4 Rxb1 20. Nxb1 Nxc4 21. Qc2
Na5 22. Rd1 g5 23. Ne2 Nb3 24. Nbc3 d5 25. Bb2 Qe8 26. Rb1 c4 27. Nb5 Bxb5 28.
axb5 Qxb5 29. Be5 Rb6 30. Nd4 Qa4 31. Bxf6 Bxf6 32. Nxe6 Nc5 33. Qf5 Rxb1+ 34.
Qxb1 Nxe6 35. Bxd5 Qd7 36. Qf5 Kf7 37. Bxc4 Ke7 38. Qxh7+ Ng7 39. Qe4+ Kd8 40.
Qd5 Qxd5 41. Bxd5 Kc7 42. e4 Be5 43. Bf7 Kb6 44. Kg2 Kc5 45. h4 gxh4 46. gxh4
Bb2 47. f4 Kd4 48. Kf3 Bxa3 49. h5 Nxh5 50. Bxh5 Bd6 51. Bf7 Bc7 52. Bd5 Kc5
53. Kg4 Kd6 54. Kf5 Ke7 55. e5 Ba5 56. Ke4 Be1 57. f5 Bh4 58. Kf4 Kf8 59. f6
Be1 60. Kf5 Ba5 61. Ke6 Bb4 62. Bb3 Bc3 63. Kf5 Bb4 64. Ba4 Bc3 65. e6 Bb4 66.
Ke4 Ba3 67. Kd5 Bb4 68. Kc6 Ba3 69. Kd7 1-0

[Event "Rewal 2011 - Open A"]
[Site "Rewal"]
[Date "2011.08.26"]
[Round "7.27"]
[White "Puczylowski, Marcin"]
[Black "Kaminski, Piotr"]
[Result "0-1"]
[WhiteElo "2011"]
[BlackElo "2158"]
[PlyCount "90"]
[EventDate "2011.??.??"]

1. e4 c5 2. Nf3 d6 3. c3 Nf6 4. Bd3 Nc6 5. Bc2 Bg4 6. d3 e5 7. Nbd2 Be7 8. Nf1
d5 9. Qe2 d4 10. c4 h6 11. Bd2 a6 12. h3 Bd7 13. Ng3 b5 14. Bb3 g6 15. O-O Bd6
16. Qe1 Kf8 17. Nh2 Kg7 18. f4 exf4 19. Bxf4 Bxf4 20. Rxf4 Ne5 21. Qd2 bxc4 22.
Bxc4 Nxc4 23. dxc4 Be6 24. b3 Nd7 25. Rf2 Qg5 26. Qxg5 hxg5 27. Nf3 g4 28. hxg4
Bxg4 29. Nd2 Ne5 30. Raf1 a5 31. a4 Ra6 32. Rf4 Rb6 33. Nh1 g5 34. R4f2 Rbh6
35. Ng3 f6 36. Nf3 Nd3 37. Rd2 Nf4 38. e5 Bxf3 39. exf6+ Rxf6 40. gxf3 Re6 41.
Ne4 Re5 42. Rb1 Kg6 43. Rbb2 Rh3 44. Kf2 g4 45. Rb1 Rxf3+ 0-1

[Event "Rewal 2011 - Open A"]
[Site "Rewal"]
[Date "2011.08.26"]
[Round "7.28"]
[White "Zakrzewski, Marek"]
[Black "Andrzejewska, Anna"]
[Result "1-0"]
[WhiteElo "2097"]
[BlackElo "1987"]
[EventDate "2011.??.??"]
[PlyCount "57"]

1.e4 e5 2.Nc3 Nf6 3.Bc4 Bc5 4.d3 d6 5.f4 O-O 6.f5 c6 7.Qf3 b5 8.Bb3 a5 9.
a4 b4 10.Nce2 d5 11.g4 dxe4 12.dxe4 Ba6 13.g5 Nfd7 14.g6 Qh4+ 15.Ng3 Nf6 
16.Bxf7+ Kh8 17.Be3 Nbd7 18.O-O-O Bxe3+ 19.Qxe3 Qf4 20.Qd2 Nc5 21.Nh3 
Qxd2+ 22.Kxd2 Nfxe4+ 23.Nxe4 Nxe4+ 24.Ke3 Nc5 25.b3 Bc8 26.Rhf1 hxg6 27.
Bxg6 Bd7 28.Ng5 Be8 29.Nh7 1-0

[Event "Rewal 2011 - Open A"]
[Site "Rewal"]
[Date "2011.08.26"]
[Round "7.29"]
[White "Paszewski, Mateusz"]
[Black "Zmarzly, Aleksandra"]
[Result "1-0"]
[WhiteElo "1905"]
[BlackElo "2094"]
[EventDate "2011.??.??"]
[PlyCount "107"]

1.c4 e5 2.g3 Nf6 3.Bg2 d5 4.cxd5 Nxd5 5.Nf3 Nc6 6.O-O Be7 7.d4 exd4 8.Nxd4
Nxd4 9.Qxd4 Nf6 10.Qa4+ Qd7 11.Qc2 c6 12.Nc3 O-O 13.Rd1 Qg4 14.h3 Qh5 15.
g4 Qh4 16.Bf4 h5 17.Bg3 Qg5 18.f4 Qc5+ 19.Bf2 Qc4 20.Rd4 Qe6 21.g5 Bc5 22.
gxf6 Bxd4 23.Bxd4 Rd8 24.e3 c5 25.Bxc5 Qxf6 26.Bd4 Qh4 27.Qf2 Qxf2+ 28.
Kxf2 Be6 29.h4 Rac8 30.Bf3 g6 31.Rg1 Kf8 32.Ke2 b6 33.Rd1 Rd7 34.Be5 Bc4+ 
35.Ke1 Rxd1+ 36.Kxd1 Rd8+ 37.Bd4 Ke7 38.a3 Ke6 39.Ke1 Bd3 40.Kf2 Bf5 41.
Ne2 Bd3 42.Bc3 Bxe2 43.Kxe2 f5 44.Bd4 Rc8 45.Kd2 Rc7 46.b4 Rd7 47.Bc6 Rc7 
48.Be8 Kd5 49.Bxg6 Ke4 50.Bxh5 Rh7 51.Be8 Kf3 52.h5 Kg4 53.Bg6 Rd7 54.h6 
1-0

[Event "Rewal 2011 - Open A"]
[Site "Rewal"]
[Date "2011.08.26"]
[Round "7.30"]
[White "Siedlinski, Piotr"]
[Black "Bes, Michal"]
[Result "1/2-1/2"]
[WhiteElo "2078"]
[BlackElo "1906"]
[EventDate "2011.??.??"]
[PlyCount "20"]

1.d4 d5 2.c4 e6 3.Nc3 Nf6 4.Bg5 Be7 5.Nf3 O-O 6.e3 Nbd7 7.cxd5 exd5 8.Bd3 
Re8 9.O-O c6 10.Qc2 h6 1/2-1/2

[Event "Rewal 2011 - Open A"]
[Site "Rewal"]
[Date "2011.08.26"]
[Round "7.31"]
[White "Smolka, Marcin"]
[Black "Miturova, Magdalena"]
[Result "1/2-1/2"]
[WhiteElo "1862"]
[BlackElo "2072"]
[EventDate "2011.??.??"]
[PlyCount "32"]

1.e4 e5 2.Nf3 Nc6 3.Nc3 Nf6 4.d4 exd4 5.Nxd4 Bb4 6.Nxc6 bxc6 7.Bd3 d5 8.
exd5 cxd5 9.O-O O-O 10.Bg5 c6 11.Qf3 Bd6 12.Rae1 h6 13.Bxf6 Qxf6 14.Qxf6 
gxf6 15.Ne2 c5 16.b3 Bd7 1/2-1/2

[Event "Rewal 2011 - Open A"]
[Site "Rewal"]
[Date "2011.08.26"]
[Round "7.32"]
[White "Spicak, Krzysztof"]
[Black "Berlin, Tatiana"]
[Result "1-0"]
[WhiteElo "2054"]
[BlackElo "2206"]
[PlyCount "157"]
[EventDate "2011.??.??"]

1. e4 e5 2. Nf3 Nc6 3. Bb5 a6 4. Ba4 Nf6 5. O-O b5 6. Bb3 Bc5 7. c3 d6 8. d4
Bb6 9. Bg5 h6 10. Bd5 Bb7 11. Bxf6 Qxf6 12. dxe5 dxe5 13. a4 O-O 14. Na3 Rad8
15. Qe2 b4 16. Nc4 bxc3 17. bxc3 Bc5 18. Rab1 Ba8 19. Rb2 Bd6 20. Ne3 Ne7 21.
Bxa8 Rxa8 22. g3 Qe6 23. Kg2 f5 24. exf5 Nxf5 25. Nxf5 Qxf5 26. Nd2 Kh8 27. Ne4
Qd7 28. Qc4 Qg4 29. f3 Qg6 30. Qc6 Qe8 31. Qxe8 Rfxe8 32. c4 Ba3 33. Rb3 Bf8
34. Rb7 Red8 35. Rxc7 Rab8 36. c5 Rd4 37. Rc1 Rxa4 38. c6 Ra2+ 39. Kh3 Ba3 40.
Rb7 Rb2 41. Rxb2 Bxb2 42. Rb1 Rb6 43. c7 Rc6 44. Rxb2 Rxc7 45. Ra2 Rc6 46. Ra5
Kg8 47. Nc5 Kf7 48. Nxa6 Rc3 49. Kg2 Rc2+ 50. Kg1 Rc1+ 51. Kf2 Rc2+ 52. Ke3
Rxh2 53. Rxe5 Kf6 54. Re4 Rg2 55. g4 g6 56. Nc5 h5 57. Re6+ Kf7 58. gxh5 gxh5
59. Rh6 Rh2 60. Ne4 Kg7 61. Ra6 Rh1 62. Kf4 h4 63. Nf2 Rh2 64. Ng4 Rh1 65. Kg5
Kf7 66. f4 h3 67. f5 Rg1 68. Rh6 Rg3 69. Kf4 Ra3 70. Ne3 Ra4+ 71. Kf3 Kg7 72.
Rxh3 Kf6 73. Rh6+ Kg5 74. Rg6+ Kh5 75. Rg2 Rd4 76. Rg8 Kh6 77. f6 Kh7 78. f7
Rd3 79. Rh8+ 1-0

[Event "Rewal 2011 - Open A"]
[Site "Rewal"]
[Date "2011.08.26"]
[Round "7.33"]
[White "Siwiec, Arkadiusz"]
[Black "Mlodzinska, Irena"]
[Result "1-0"]
[WhiteElo "2144"]
[BlackElo "1926"]
[EventDate "2011.??.??"]
[PlyCount "77"]

1.e4 c5 2.Nf3 d6 3.d4 cxd4 4.Nxd4 Nf6 5.Nc3 a6 6.Bg5 e5 7.Nf5 Bxf5 8.exf5 
Be7 9.Bxf6 Bxf6 10.Nd5 Bg5 11.c3 Nd7 12.Bd3 O-O 13.Be4 Nc5 14.f3 Rb8 15.a4
g6 16.a5 Nd7 17.g3 Nf6 18.h4 Bh6 19.Ra4 Nh5 20.Kf2 Bg7 21.g4 Nf4 22.g5 
Nxd5 23.Bxd5 gxf5 24.h5 h6 25.g6 Kh8 26.gxf7 Qc7 27.Rg1 Qc5+ 28.Kg2 b5 29.
Ra1 Qe3 30.Qe1 Qg5+ 31.Qg3 Bf6 32.Rad1 Qxh5 33.Rh1 Qg5 34.Rxh6+ Qxh6 35.
Rh1 Qxh1+ 36.Kxh1 f4 37.Qg6 Rxf7 38.Bxf7 Bh4 39.Qh6# 1-0

[Event "Rewal 2011 - Open A"]
[Site "Rewal"]
[Date "2011.08.26"]
[Round "7.34"]
[White "Zielinski, Wojciech"]
[Black "Lapaj, Mateusz"]
[Result "0-1"]
[WhiteElo "2097"]
[BlackElo "2021"]
[EventDate "2011.??.??"]
[PlyCount "60"]

1.e4 e6 2.d4 d5 3.Nd2 Nf6 4.e5 Nfd7 5.Bd3 c5 6.c3 cxd4 7.cxd4 Nc6 8.Ne2 f6
9.exf6 Nxf6 10.O-O Bd6 11.Nf3 Qc7 12.Bg5 O-O 13.Rc1 Nh5 14.Ng3 Nxg3 15.
hxg3 Bd7 16.Kh2 Qb6 17.Rh1 e5 18.Rxc6 bxc6 19.dxe5 Bc5 20.Qc2 h6 21.Bh7+ 
Kh8 22.Bf6 Be8 23.Ng5 gxf6 24.Bg8 f5 25.Ne6 Bxf2 26.Rf1 Bxg3+ 27.Kxg3 Qe3+
28.Rf3 Qxe5+ 29.Kf2 Rxg8 30.Re3 Rxg2+ 0-1

[Event "Rewal 2011 - Open A"]
[Site "Rewal"]
[Date "2011.08.26"]
[Round "7.35"]
[White "Leczycki, Pawel"]
[Black "Rychlik, Hanna"]
[Result "1/2-1/2"]
[WhiteElo "2002"]
[BlackElo "2081"]
[EventDate "2011.??.??"]
[PlyCount "58"]

1.d4 Nf6 2.c4 e6 3.Nf3 b6 4.Nc3 Bb4 5.Qc2 Bb7 6.Bd2 Bxc3 7.Bxc3 Ne4 8.Nd2 
f5 9.d5 Nxc3 10.Qxc3 O-O 11.dxe6 dxe6 12.O-O-O Nd7 13.f3 Qf6 14.Qxf6 Nxf6 
15.e3 Rad8 16.Be2 e5 17.b4 Rd7 18.Nb3 Rfd8 19.Rxd7 Rxd7 20.Rd1 Kf7 21.
Rxd7+ Nxd7 22.Kd2 c5 23.a3 Kf6 24.g3 g5 25.f4 h6 26.Bd3 Ke6 27.bxc5 bxc5 
28.Kc3 Bg2 29.Bc2 Ba8 1/2-1/2

[Event "Rewal 2011 - Open A"]
[Site "Rewal"]
[Date "2011.08.26"]
[Round "7.37"]
[White "Krupa, Krzysztof"]
[Black "Sliwicki, Damian"]
[Result "1-0"]
[WhiteElo "2035"]
[BlackElo "1899"]
[EventDate "2011.??.??"]
[PlyCount "69"]

1.e4 c5 2.d4 cxd4 3.c3 dxc3 4.Nxc3 Nc6 5.Bc4 e6 6.Nf3 Be7 7.Qe2 d6 8.O-O 
a6 9.Rd1 Qc7 10.Bf4 Nf6 11.Rac1 O-O 12.Bb3 Nd7 13.Nd5 exd5 14.exd5 Nc5 15.
Rxc5 Nd4 16.Nxd4 Qxc5 17.Qxe7 Bg4 18.Bxd6 Qb6 19.f3 Rfe8 20.Qc7 Re1+ 21.
Kf2 Qxc7 22.Bxc7 Rxd1 23.Bxd1 Bd7 24.Bc2 g6 25.g4 Rc8 26.d6 Kg7 27.Be4 Kf6
28.Bxb7 Re8 29.Bc6 Bxc6 30.Nxc6 Ke6 31.Nb8 f5 32.gxf5+ gxf5 33.Nxa6 h5 34.
Nc5+ Kd5 35.d7 1-0

[Event "Rewal 2011 - Open A"]
[Site "Rewal"]
[Date "2011.08.26"]
[Round "7.38"]
[White "Ziebinski, Bartosz"]
[Black "Lewtak, Damian"]
[Result "1/2-1/2"]
[WhiteElo "2003"]
[BlackElo "2093"]
[EventDate "2011.??.??"]
[PlyCount "87"]

1.e4 c5 2.Nc3 Nc6 3.g3 g6 4.Bg2 Bg7 5.d3 e6 6.Be3 d6 7.Qd2 Nge7 8.Bh6 O-O 
9.h4 f6 10.Bxg7 Kxg7 11.h5 g5 12.h6+ Kh8 13.O-O-O Rb8 14.Kb1 b5 15.Bh3 Nd4
16.f4 Nec6 17.Nce2 b4 18.Nxd4 Nxd4 19.Ne2 Nxe2 20.Qxe2 e5 21.Bxc8 Rxc8 22.
fxg5 fxg5 23.Rdf1 Qe7 24.Qg4 Rce8 25.b3 Rf6 26.Kb2 Rg8 27.Rxf6 Qxf6 28.Qd7
a5 29.Qa7 Qf3 30.Qe7 Qf8 31.Qd7 Rg6 32.Qh3 g4 33.Qh4 Qf6 34.Qh5 Kg8 35.a3 
Qg5 36.Qh2 Rf6 37.axb4 axb4 38.Qe2 Rf3 39.Qh2 Rf6 40.Qe2 Kf7 41.Rf1 Rxf1 
42.Qxf1+ Kg6 43.Qf8 Qf6 44.Qg8+ 1/2-1/2

[Event "Rewal 2011 - Open A"]
[Site "Rewal"]
[Date "2011.08.26"]
[Round "7.41"]
[White "Jarus, Grzegorz"]
[Black "Duszenko, Michal"]
[Result "1/2-1/2"]
[WhiteElo "1858"]
[BlackElo "1840"]
[EventDate "2011.??.??"]
[PlyCount "25"]

1.d4 d5 2.c4 c6 3.cxd5 cxd5 4.Nc3 Nf6 5.Nf3 Nc6 6.e3 Bf5 7.Bd3 Bxd3 8.Qxd3
e6 9.a3 Bd6 10.O-O O-O 11.Bd2 Rc8 12.Rac1 Qd7 13.Kh1 1/2-1/2

[Event "Rewal 2011 - Open A"]
[Site "Rewal"]
[Date "2011.08.27"]
[Round "8.3"]
[White "Ivanov, Mikhail M"]
[Black "Koziak, Vitali"]
[Result "1/2-1/2"]
[WhiteElo "2410"]
[BlackElo "2484"]
[EventDate "2011.??.??"]
[PlyCount "32"]

1.d4 d5 2.c4 e6 3.Nc3 Nf6 4.cxd5 exd5 5.Bg5 Be7 6.e3 O-O 7.Bd3 c6 8.Qc2 
Nbd7 9.Nge2 Re8 10.O-O-O b5 11.Ng3 h6 12.Bf4 Nb6 13.Nf5 Bxf5 14.Bxf5 Nc4 
15.g4 Qa5 16.h4 Ne4 1/2-1/2

[Event "Rewal 2011 - Open A"]
[Site "Rewal"]
[Date "2011.08.27"]
[Round "8.4"]
[White "Licznerski, Lukasz"]
[Black "Westerinen, Heikki M.j"]
[Result "1-0"]
[WhiteElo "2122"]
[BlackElo "2355"]
[EventDate "2011.??.??"]
[PlyCount "105"]

1.e4 e5 2.Nf3 Nc6 3.Bb5 a6 4.Bxc6 dxc6 5.O-O Bd6 6.d4 exd4 7.Qxd4 f6 8.
Nbd2 Be6 9.Qc3 Ne7 10.Nc4 O-O 11.Be3 Ng6 12.Nd4 Bc8 13.Rad1 Qe7 14.Nf5 
Bxf5 15.exf5 Ne5 16.Nxd6 cxd6 17.Rfe1 Rfe8 18.Bd4 Qc7 19.f4 Nd7 20.Re3 Nf8
21.Rg3 Kf7 22.Qb3+ d5 23.c4 Qd7 24.Bb6 Qxf5 25.cxd5 Kg8 26.d6+ Kh8 27.d7 
Nxd7 28.Qf7 Rg8 29.Qxd7 Qxf4 30.Re3 Qb4 31.Qd4 a5 32.Bc5 Qb5 33.a4 Qa6 34.
Qd3 b6 35.Qxa6 Rxa6 36.Be7 Raa8 37.Rd7 b5 38.Rc3 Rac8 39.axb5 cxb5 40.Rxc8
Rxc8 41.Rd8+ Rxd8 42.Bxd8 a4 43.Ba5 Kg8 44.Kf2 Kf7 45.Ke3 Ke6 46.Kd4 Kd6 
47.Bb4+ Kc6 48.Bf8 g6 49.Be7 f5 50.Ke5 Kb6 51.Kf6 Ka5 52.Kg7 b4 53.Kxh7 
1-0

[Event "Rewal 2011 - Open A"]
[Site "Rewal"]
[Date "2011.08.27"]
[Round "8.5"]
[White "Pacuszka, Tomasz"]
[Black "Nasuta, Grzegorz"]
[Result "1-0"]
[WhiteElo "2289"]
[BlackElo "2237"]
[EventDate "2011.??.??"]
[PlyCount "89"]

1.g3 d5 2.Bg2 Nf6 3.Nf3 c6 4.O-O Nbd7 5.d3 e5 6.c3 Bd6 7.Qc2 O-O 8.Nbd2 
Re8 9.e4 Nf8 10.h3 Qc7 11.a3 Ng6 12.c4 b6 13.b4 a5 14.Rb1 axb4 15.axb4 Qe7
16.Qb3 Bb7 17.Ne1 Red8 18.Nc2 d4 19.c5 Bc7 20.cxb6 Bxb6 21.Nc4 Bc7 22.Bg5 
h6 23.Bd2 Ba6 24.N2a3 Rdb8 25.Qc2 Bb5 26.Nxb5 cxb5 27.Na5 Rc8 28.Qb3 Qd6 
29.h4 Rcb8 30.Rfc1 Ne7 31.Ra1 Bxa5 32.Rxa5 Nc6 33.Raa1 Ra4 34.Rxa4 bxa4 
35.Qxa4 Nxb4 36.Qa3 Ne8 37.Rc4 Na6 38.Qxd6 Nxd6 39.Rc6 Rb2 40.Rxa6 Nb7 41.
Ra8+ Kh7 42.Rb8 Rxd2 43.Rxb7 Rxd3 44.Bf1 Rd1 45.Rxf7 1-0